Theory and calculatuin of frame structures with stiffening walls
Saved in:
| Main Author: | |
|---|---|
| Format: | Book |
| Language: | English |
| Published: |
Amsterdam :
Elsevier,
1988
|
| Series: | Developments in civil engineering
22 |
| Tags: |
No Tags, Be the first to tag this record!
|
MARC
| LEADER | 00000nam a22000003a 4500 | ||
|---|---|---|---|
| 001 | stu29278 | ||
| 005 | 20150617225737.6 | ||
| 008 | 950607s1988----ne------------------eng-d | ||
| 020 | |a 0-444-98923-4 | ||
| 040 | |a STU |b slo | ||
| 041 | 0 | |a eng | |
| 044 | |a ne | ||
| 080 | |a 624.1 | ||
| 100 | 1 | |a Půbal, Zdeněk |4 aut | |
| 242 | 0 | 0 | |a Teorie a výpočet rámových konstrukcí s výstužnými příčkami |
| 245 | 1 | |a Theory and calculatuin of frame structures with stiffening walls | |
| 260 | |a Amsterdam : |b Elsevier, |c 1988 | ||
| 300 | |a 221 s | ||
| 500 | |a prel. z českého orig. | ||
| 830 | 0 | |a Developments in civil engineering |v 22 | |
| 996 | |b 284V027722 |c V*43464/O-18853 |l VVT |s A |a 24 |w stu29278_0001 | ||